| 000 | 00416nam a2200145Ia 4500 | ||
|---|---|---|---|
| 008 | 210430s9999 xx 000 0 und d | ||
| 020 | _a978-93-325-2484-2 | ||
| 082 | _a660.2842 W244S | ||
| 100 | _aPhilip C. Wankat | ||
| 245 |
_aSeparation process Engineering Includes Mass Transfer Analysis / _cPhilip C. Wankat |
||
| 250 | _a3rd edition | ||
| 260 |
_aIndia _bPearson _c2014 |
||
| 300 | _a948 | ||
| 942 |
_cBK _2ddc |
||
| 999 |
_c565315 _d565315 |
||